[Event "AUTO-INT-1488"]
[Site "http://www.queenalice.com/game.php?id=670529"]
[Date "2009.10.21"]
[Round "1"]
[White "chessfourme"]
[Black "bevo"]
[Result "1-0"]
[WhiteElo "1604"]
[BlackElo "1397"]

1. Nf3 e5 2. Nxe5 f6 3. Nf3 d5 4. d4 g5 5. Nc3 g4 6. Nd2 Nc6 7. Nb3 Nge7 8. Bf4
Ng6 9. Bd2 Qd6 10. e3 Bd7 11. Be2 h5 12. Nb5 Qe7 13. Nxc7+ Kd8 14. Nxa8 Bf5 15.
Nc5 Nb4 16. Bd3 Bxd3 17. cxd3 Nxd3+ 18. Nxd3 Qe4 19. Ba5+ b6 20. Nxb6 axb6 21.
Bxb6+ Ke8 22. O-O Nh4 23. Nf4 Bd6 24. Qa4+ Kf8 25. Bc5 Nf5 26. Ng6+ Kg7 27. Nxh8
Nh4 28. Qd7+ Kxh8 29. f3 Qxe3+ 30. Rf2 Bf4 31. Qd8+ Kh7 32. Qe7+ Kg6 33. Qxe3
Bxe3 34. fxg4 hxg4 35. Re1 Bd2 36. Rxd2 1-0

[Event "AUTO-INT-1488"]
[Site "http://www.queenalice.com/game.php?id=670530"]
[Date "2009.10.21"]
[Round "1"]
[White "bevo"]
[Black "chessfourme"]
[Result "0-1"]
[WhiteElo "1394"]
[BlackElo "1593"]

1. e4 c5 2. c3 e5 3. Bc4 Nf6 4. d4 exd4 5. cxd4 Nxe4 6. Qf3 Nf6 7. dxc5 Bxc5 8.
Nh3 h6 9. Nf4 O-O 10. b3 Nc6 11. Bb2 Re8+ 12. Kd1 d6 13. Qg3 Ne5 14. Bb5 Bd7 15.
Nc3 a6 16. Bxd7 Qxd7 17. Ncd5 Nxd5 18. Nxd5 Rac8 19. f4 Qg4+ 20. Kc2 Bf2+ 21.
Qc3 Rxc3+ 22. Nxc3 Qxf4 23. Rhf1 Qe3 24. Rad1 Rd8 25. Ba3 Nc6 26. Rd2 Bh4 27.
Bb2 Bg5 28. Nb1 Qc5+ 29. Kd1 Bxd2 30. Nxd2 Re8 31. Bc1 Qe5 32. Nf3 Qe2# 0-1

[Event "Come On Big Boy"]
[Site "http://www.queenalice.com/game.php?id=672750"]
[Date "2009.10.26"]
[Round "-"]
[White "bevo"]
[Black "Zwaanman"]
[Result "1-0"]
[WhiteElo "1443"]
[BlackElo "1299"]

1. e4 e5 2. Nf3 d6 3. c3 f6 4. d4 h6 5. dxe5 dxe5 6. Bd2 b5 7. Nh4 Ne7 8. Qh5+
Kd7 9. Qf7 c6 10. Ng6 Qe8 11. Nxh8 Qxf7 12. Nxf7 Ke6 13. Nh8 g5 14. g3 Bg7 15.
Bh3+ f5 16. exf5+ Kf6 17. Ng6 Nxg6 18. fxg6 Bxh3 19. c4 Bg2 20. Rg1 Bf3 21. cxb5
Kxg6 22. Be3 cxb5 23. Nd2 Bd5 24. f4 exf4 25. gxf4 Bxb2 26. Rb1 Bc3 27. fxg5
hxg5 28. Rxg5+ Kf6 29. Rxd5 Ke6 30. Rbxb5 a6 31. Re5+ Bxe5 32. Rb6+ Bd6 33. Ne4
Nd7 34. Rxd6+ Ke7 35. Bg5+ Ke8 36. h4 Rb8 37. Nf6+ Nxf6 38. Bxf6 Rb1+ 39. Kd2
Kf7 40. Rxa6 Rf1 41. Be5 Rf2+ 42. Ke3 Rf5 43. Ke4 Rh5 44. Bg3 Rc5 45. Be5 Rc4+
46. Kd5 Rc8 47. Rf6+ Ke8 48. h5 Rc1 49. h6 Rd1+ 50. Bd4 Rh1 51. Bc5 Rh5+ 52. Kc4
Rh4+ 53. Kb5 Rh2 54. a4 Rb2+ 55. Kc4 Rc2+ 56. Kd5 Kd7 57. h7 Rd2+ 58. Bd4 Rh2
59. Rf7+ Ke8 60. Ke6 Rh6+ 61. Bf6 Rh5 62. a5 1-0

[Event "Challenge"]
[Site "http://www.queenalice.com/game.php?id=672774"]
[Date "2009.10.26"]
[Round "-"]
[White "thedead"]
[Black "bevo"]
[Result "0-1"]
[WhiteElo "1522"]
[BlackElo "1414"]

1. e4 Nf6 2. d3 e5 3. Nf3 c6 4. Be2 g6 5. Nc3 Qa5 6. O-O d5 7. Bg5 Nbd7 8. Bxf6
Nxf6 9. Nxe5 dxe4 10. Nc4 Qg5 11. Re1 b5 12. Ne3 Bc5 13. Nf1 Qf5 14. Nxe4 Bxf2+
15. Nxf2 O-O 16. Bf3 Bb7 17. Ng3 Qd7 18. Qd2 Qd4 19. c3 Qa4 20. Nge4 Nd7 21. b3
Qa3 22. Qh6 Qb2 23. Nd1 Qxa1 24. Bg4 f5 25. Ng5 Nf6 26. Nxh7 Nxh7 27. Qxg6+ Kh8
28. Bxf5 Rxf5 29. Qxf5 Rf8 30. Qe5+ Nf6 31. Rf1 Kg7 32. Qe7+ Rf7 33. Qa3 Qb1 34.
Ne3 Qxd3 35. Nf5+ Kg6 36. Nd6 Qe3+ 37. Rf2 Ng4 0-1

[Event "Challenge"]
[Site "http://www.queenalice.com/game.php?id=673290"]
[Date "2009.10.27"]
[Round "-"]
[White "paddymalonespub"]
[Black "bevo"]
[Result "1-0"]
[WhiteElo "1748"]
[BlackElo "1450"]

1. e4 e6 2. d4 d5 3. Bd3 Qe7 4. Nf3 f5 5. exf5 exf5+ 6. Be3 f4 7. O-O fxe3 8.
Re1 Qb4 9. Rxe3+ Be7 10. b3 Nc6 11. a3 Qd6 12. Nc3 Bd7 13. Nb5 Qf6 14. Nxc7+ Kd8
15. Nxa8 Nxd4 16. Ne5 Bd6 17. Nxd7 Kxd7 18. Qg4+ Ne6 19. Rae1 Qh6 20. h3 Ne7 21.
Rxe6 Qf4 22. Rxe7+ Kc6 23. Qd7+ Kc5 24. g3 1-0

[Event "Nice arse!"]
[Site "http://www.queenalice.com/game.php?id=675014"]
[Date "2009.10.30"]
[Round "-"]
[White "Zwaanman"]
[Black "bevo"]
[Result "1-0"]
[WhiteElo "1299"]
[BlackElo "1459"]

1. d4 d5 2. e3 f6 3. g3 e5 4. dxe5 fxe5 5. b3 d4 6. Ba3 Bxa3 7. Nxa3 Qd5 8. Nf3
Qc5 9. Qc1 Qd5 10. Be2 Bg4 11. Qd1 Qa5+ 12. Nd2 Bxe2 13. Qxe2 Qxa3 14. Qb5+ Nd7
15. Nc4 Qe7 16. Qxb7 Qd8 17. Rd1 Ngf6 18. exd4 exd4 19. Rxd4 O-O 20. O-O c5 21.
Rd3 Ng4 22. Rxd7 Qe8 23. Qd5+ Kh8 24. Qd3 Qh5 25. h4 Nf6 26. Rc7 Qg4 27. Kh2
Rad8 28. Qe3 Rd1 29. Qxc5 Kg8 30. Ne3 Qe2 31. Qg5 g6 32. Qh6 Rf7 33. Rc8+ Rf8
34. Qxf8# 1-0

[Event "Bevo's Revenge"]
[Site "http://www.queenalice.com/game.php?id=676490"]
[Date "2009.11.2"]
[Round "-"]
[White "bevo"]
[Black "Zwaanman"]
[Result "0-1"]
[WhiteElo "1426"]
[BlackElo "1321"]

1. e4 b6 2. Qf3 g6 3. Bc4 e6 4. d4 Ba6 5. Nd2 b5 6. Bb3 Nc6 7. c3 Nf6 8. a4 Na5
9. Bc2 Nc6 10. Nb1 Nh5 11. Na3 bxa4 12. Bxa4 Rb8 13. d5 Ne5 14. Qd1 exd5 15. Qd4
Bg7 16. Qxd5 O-O 17. Nh3 Qh4 18. Bxd7 Nxd7 19. Qxd7 Qxe4+ 20. Be3 Bh6 21. Nc2
Bc8 22. Qd2 Ba6 23. Rxa6 Rxb2 24. O-O Rxc2 25. Qd7 Bxe3 26. Ra4 Qe8 27. Qg4 Qb5
28. fxe3 f5 29. Qd4 Qb7 30. Rf2 Qb1+ 31. Rf1 Qb7 32. Nf2 Nf6 33. Rxa7 Qb5 34. c4
Qb8 35. Rfa1 Qe8 36. Ra8 Qf7 37. Qc5 Re8 38. h3 Rxc4 39. Qb5 Kg7 40. g4 Rxa8 41.
Rxa8 Qd5 42. Qb8 Rc1+ 43. Kh2 Qe5+ 44. Kg2 Qd5+ 45. Kg3 Rg1+ 46. Kh4 g5+ 47.
Kxg5 h6+ 48. Kh4 Kg6 49. Qd8 Qe5 50. Nh1 fxg4 51. hxg4 Rxg4+ 52. Kh3 Qh5# 0-1

[Event "Third time lucky??"]
[Site "http://www.queenalice.com/game.php?id=679268"]
[Date "2009.11.7"]
[Round "-"]
[White "Zwaanman"]
[Black "bevo"]
[Result "1-0"]
[WhiteElo "1341"]
[BlackElo "1398"]

1. b3 e6 2. g3 Nc6 3. e3 Qf6 4. Nc3 Qg6 5. Bg2 Nb4 6. Be4 Qf6 7. a3 d5 8. Bf3
Nc6 9. Nb5 Qe7 10. h4 a6 11. Nc3 Ne5 12. Bg2 Nh6 13. Nf3 Nd7 14. a4 Nc5 15. Ba3
Qf6 16. b4 Ne4 17. Nxe4 dxe4 18. Nd4 Ng4 19. Qxg4 e5 20. Qxe4 Bf5 21. Nxf5 Rd8
22. Bb2 Qb6 23. Qxe5+ Kd7 24. Bd4 Qxb4 25. Qd5+ Kc8 26. Qe4 c5 27. c3 Qb2 28.
O-O Qb6 29. Be5 f6 30. Bf4 g5 31. hxg5 fxg5 32. Bxg5 h6 33. Bxd8 Qxd8 34. Qxb7#
1-0

[Event "Worried?"]
[Site "http://www.queenalice.com/game.php?id=681345"]
[Date "2009.11.11"]
[Round "-"]
[White "Zwaanman"]
[Black "bevo"]
[Result "0-1"]
[WhiteElo "1365"]
[BlackElo "1374"]

1. b3 a5 2. g3 Nc6 3. e3 b6 4. Bb5 Bb7 5. Qf3 Nh6 6. Ba3 Ra7 7. Ne2 Ne5 8. Qf4
Bxh1 9. Qxe5 Bb7 10. Nec3 Ng4 11. Qh5 Nh6 12. Na4 c6 13. Bf1 b5 14. Nc5 Bc8 15.
Nc3 d6 16. N5e4 b4 17. Ng5 bxa3 18. Qf3 Bb7 19. e4 Bc8 20. e5 d5 21. Qe3 Rb7 22.
Ba6 Rb4 23. Bxc8 Qxc8 24. d4 Ng4 25. Qf4 f6 26. exf6 Nxf6 27. Ne2 c5 28. c3 Rb6
29. dxc5 Qxc5 30. Rc1 Nh5 31. Qd4 Qb5 32. g4 h6 33. c4 Qd7 34. Qxb6 Qxg4 35.
Qb8+ Kd7 36. cxd5 Qxg5 37. Qc8+ Kd6 38. Qc7+ Kxd5 39. Nc3+ Ke6 40. Qc8+ Kf7 41.
Qc4+ e6 42. Qc7+ Kg8 43. Rd1 e5 44. Qc4+ Kh7 45. Qe4+ g6 46. Rd7+ Bg7 47. Rd1
Rf8 48. Ne2 Nf6 49. Qa4 Qf5 50. Ng3 Qf3 51. b4 Ne4 52. Qc2 Nxg3 53. hxg3 axb4
54. Qe2 Qg2 55. Rb1 e4 56. Rxb4 Bc3+ 57. Qd2 Bxd2+ 58. Kxd2 Qxf2+ 59. Kc3 Qxg3+
0-1

[Event "Bring that shit on bitch!"]
[Site "http://www.queenalice.com/game.php?id=684692"]
[Date "2009.11.17"]
[Round "-"]
[White "Zwaanman"]
[Black "bevo"]
[Result "0-1"]
[WhiteElo "1365"]
[BlackElo "1384"]

1. b3 e6 2. d3 Qf6 3. c3 Bc5 4. Be3 Bb6 5. Qd2 Ne7 6. Bg5 Qxf2+ 7. Kd1 Qxf1+ 8.
Qe1 Qxg2 9. Nf3 Qg4 10. Qg3 Qf5 11. Nd4 Bxd4 12. cxd4 Qd5 13. Rf1 Qxd4 14. Nc3
Qxc3 15. Rc1 Qa5 16. Bd2 Qxa2 17. Qxg7 Qxb3+ 18. Ke1 Rf8 19. Bg5 Qb4+ 20. Kd1 f6
21. Bh6 Ng6 22. Bd2 Qb5 23. Rxc7 Kd8 24. Rc4 Nc6 25. Bc3 Qb1+ 26. Kd2 Qxf1 27.
Qxh7 Nf4 28. Qg7 Qxe2+ 29. Kc1 Nxd3+ 30. Kb1 Re8 31. Bxf6+ Kc7 32. Qf7 Qd1+ 33.
Ka2 Nb4+ 34. Kb2 Qe2+ 35. Kb3 Qa2+ 36. Kc3 b5 37. Be5+ Kb7 38. Rxb4 Nxe5 39.
Rxb5+ Ka6 40. Rb2 Qc4+ 41. Kd2 Nxf7 0-1

[Event "FIGJAM"]
[Site "http://www.queenalice.com/game.php?id=685244"]
[Date "2009.11.18"]
[Round "-"]
[White "bevo"]
[Black "Zwaanman"]
[Result "1/2-1/2"]
[WhiteElo "1389"]
[BlackElo "1409"]

1. e4 g5 2. d3 b6 3. Bxg5 h6 4. Qh5 Nf6 5. Bxf6 exf6 6. Be2 Rg8 7. Qd5 c6 8. Qb3
f5 9. Bh5 d5 10. exd5 Qe7+ 11. Ne2 Rg5 12. Bf3 Bd7 13. dxc6 Be6 14. Qc3 Qc7 15.
h4 Rg6 16. Bh5 Rxg2 17. Nf4 Qxf4 18. c7 Qxf2+ 19. Kd1 Rg1+ 20. Rxg1 Qxg1+ 21.
Kd2 Qg2+ 22. Be2 Na6 23. Kc1 Qxe2 24. Qc6+ Ke7 25. Nc3 Qe1+ 26. Nd1 Rc8 27. Qb7
Rxc7 28. Qxa6 Qe2 29. c4 Rd7 30. Qa4 Rc7 31. Nc3 Qe3+ 32. Kc2 Qf2+ 33. Kb3 Qd2
34. Rd1 Qe3 35. Nd5+ Bxd5 36. cxd5 Kd8 37. a3 Qe5 38. Ka2 Qxd5+ 39. Qb3 Qa5 40.
Rg1 Bd6 41. d4 f4 42. d5 f3 43. Qxf3 Bc5 44. Qf6+ Be7 45. Qf5 Rd7 46. Qxf7 Qxd5+
47. Qxd5 Rxd5 48. Rg8+ Kd7 49. Ra8 Ra5 50. h5 b5 51. Kb3 b4 52. axb4 Ra6 53. b5
Ra5 54. Kc4 Kc7 55. Re8 Ra4+ 56. Kb3 Rb4+ 57. Kc2 Kd7 58. Ra8 Bc5 59. Rh8 Rh4
60. Rxh6 Rh2+ 61. Kb3 Rh3+ 62. Kc4 Be3 63. Rh7+ Kd8 64. Kd5 Bf4 65. Rxa7 Rxh5+
66. Ke6 Rh6+ 67. Kf5 Be3 68. Ra3 Rh3 69. Kg4 Rh2 70. Rxe3 Rxb2 71. Rd3+ Kc7
1/2-1/2

[Event "$15 CUP"]
[Site "http://www.queenalice.com/game.php?id=689635"]
[Date "2009.11.27"]
[Round "-"]
[White "Zwaanman"]
[Black "bevo"]
[Result "0-1"]
[WhiteElo "1396"]
[BlackElo "1415"]

1. d3 e5 2. a3 Nh6 3. f3 Nc6 4. Nh3 Bc5 5. e3 Qe7 6. Nc3 O-O 7. Nd5 Qd6 8. Nc3
a6 9. Na4 Ba7 10. g3 b5 11. Nc3 Ne7 12. Ne4 Qe6 13. Nhg5 Qf5 14. Nh3 d5 15. g4
Qg6 16. Bd2 dxe4 17. Bb4 c5 18. Bd2 Qf6 19. Qe2 Qe6 20. O-O-O Qa2 21. Be1 Qa1+
22. Kd2 Qxb2 23. Rc1 Qxa3 24. Qd1 Rd8 25. Ke2 c4 26. Kf2 Nd5 27. Ra1 Qd6 28. Ng5
Bxe3+ 29. Kg2 Bxg5 30. h4 Ne3+ 31. Kg3 Bf4+ 32. Kf2 Nxd1+ 33. Rxd1 Qf6 34. Bd2
Bxd2 35. Rxd2 Qxf3+ 36. Kg1 Qe3+ 37. Rf2 Nxg4 38. Rh3 Qxf2+ 39. Kh1 Qxf1# 0-1

[Event "Lets Go Fucker"]
[Site "http://www.queenalice.com/game.php?id=691794"]
[Date "2009.12.2"]
[Round "-"]
[White "bevo"]
[Black "Zwaanman"]
[Result "1-0"]
[WhiteElo "1430"]
[BlackElo "1381"]

1. e4 Nf6 2. Qf3 Na6 3. b3 Nb4 4. Na3 g6 5. Bc4 d5 6. exd5 Nfxd5 7. Bb2 Rg8 8.
Nh3 h6 9. c3 Bg7 10. O-O Nb6 11. Qxf7+ Kd7 12. Qe6+ Ke8 13. Qxg8+ Bf8 14. Qxg6+
Kd7 15. Bf7 c6 16. cxb4 Nd5 17. Qe6+ Kc7 18. Be5+ Kb6 19. Nc4+ Kb5 20. Na3+ Kxb4
21. Nc2+ Kc5 22. Bd4+ Kb5 23. Qe2+ Ka5 24. Bxd5 b5 25. Bxc6 Ba6 26. a4 b4 27.
Qe5+ Bb5 28. Qxb5# 1-0

[Event "Fuck you assmunch!"]
[Site "http://www.queenalice.com/game.php?id=692346"]
[Date "2009.12.3"]
[Round "-"]
[White "Zwaanman"]
[Black "bevo"]
[Result "0-1"]
[WhiteElo "1367"]
[BlackElo "1444"]

1. d4 e6 2. Qd2 Nc6 3. Nf3 Bb4 4. c3 Bd6 5. Na3 Nf6 6. Qg5 h6 7. Qxg7 Rg8 8.
Qxh6 Bf8 9. Qe3 Nd5 10. Qd3 b6 11. Bg5 Be7 12. Qh7 Rf8 13. Qc2 Bxg5 14. Nxg5
Qxg5 15. Qd2 Qf5 16. Qd3 Qg5 17. h4 Qg4 18. Qh7 Nf6 19. f3 Qg3+ 20. Kd1 Nxh7 0-1

[Event "Fuck!!!"]
[Site "http://www.queenalice.com/game.php?id=694188"]
[Date "2009.12.7"]
[Round "-"]
[White "Zwaanman"]
[Black "bevo"]
[Result "1-0"]
[WhiteElo "1374"]
[BlackElo "1457"]

1. d4 d5 2. e3 Nf6 3. Nh3 e6 4. Bb5+ c6 5. Ba4 Qa5+ 6. Nc3 Ne4 7. Bb3 Nxc3 8.
Qd2 Bb4 9. O-O Ne4 10. Qd3 Be1 11. c3 Bxc3 12. a4 Bb4 13. f3 Nf6 14. Bd1 c5 15.
dxc5 Bxc5 16. Bd2 Qc7 17. Rc1 Na6 18. b4 b6 19. bxc5 bxc5 20. e4 c4 21. Qe2 dxe4
22. Rxc4 Qb6+ 23. Be3 exf3 24. Qxf3 Qb7 25. Qg3 Qd7 26. Qxg7 Rg8 27. Qxf6 Qd5
28. Qxf7+ Kd8 29. Qxg8+ Kd7 30. Rf7+ Kd6 31. Qd8+ Bd7 32. Qxd7+ Ke5 33. Bf4# 1-0

[Event "Gaywad Challenge"]
[Site "http://www.queenalice.com/game.php?id=694809"]
[Date "2009.12.8"]
[Round "-"]
[White "Zwaanman"]
[Black "bevo"]
[Result "1-0"]
[WhiteElo "1409"]
[BlackElo "1450"]

1. d4 d6 2. Nf3 b6 3. Nc3 c5 4. dxc5 bxc5 5. Bg5 Nc6 6. Qd5 Qb6 7. Na4 Qb4+ 8.
Nc3 Bb7 9. Bd2 e6 10. Qh5 Qxb2 11. Rb1 Qxc2 12. Qh4 d5 13. e3 Na5 14. Rc1 Qf5
15. Nb5 Kd7 16. Bxa5 Ba6 17. Nc7 Bxf1 18. Nxa8 Be7 19. Qa4+ Kd6 20. Bc7# 1-0

[Event "Ballbag Cup!"]
[Site "http://www.queenalice.com/game.php?id=695341"]
[Date "2009.12.9"]
[Round "-"]
[White "Zwaanman"]
[Black "bevo"]
[Result "1-0"]
[WhiteElo "1438"]
[BlackElo "1432"]

1. d4 d6 2. e3 e5 3. dxe5 dxe5 4. Bb5+ c6 5. Ba4 Qa5+ 6. Nc3 Bb4 7. Bd2 Bxc3 8.
Bb3 Bxd2+ 9. Qxd2 Qb6 10. Nf3 e4 11. Nh4 Be6 12. O-O Bxb3 13. axb3 Nf6 14. Nf5
O-O 15. Qd6 g6 16. Nh6+ Kg7 17. Qe7 Re8 18. Qxf7+ Kxh6 19. Qxf6 Nd7 20. Qf4+ Kg7
21. Rad1 Ne5 22. Rd6 Nf7 23. Qf6+ Kh6 24. Qxf7 Rf8 25. Qe7 Rad8 26. Qh4+ Kg7 27.
Re6 Qc7 28. Re7+ Rf7 29. Rxc7 Rxc7 30. f3 Rcd7 31. Qxe4 Rd1 32. Kf2 R8d2+ 33.
Kg1 h5 34. h4 Rxf1+ 35. Kxf1 Kf7 36. Ke1 Rd7 37. Qf4+ Kg7 38. g4 c5 39. gxh5 Kh7
40. Qg4 Rg7 41. hxg6+ Rxg6 42. Qd7+ Kh6 43. f4 Kh5 44. f5 Rg1+ 45. Kf2 Rg8 46.
Qf7+ 1-0

[Event "Corn Chip Cup"]
[Site "http://www.queenalice.com/game.php?id=696248"]
[Date "2009.12.11"]
[Round "-"]
[White "bevo"]
[Black "Zwaanman"]
[Result "1/2-1/2"]
[WhiteElo "1416"]
[BlackElo "1454"]

1. e4 e5 2. c4 Na6 3. d3 d6 4. f4 exf4 5. Bxf4 Qf6 6. Qd2 h6 7. Qc3 Qxf4 8. Nh3
Qe3+ 9. Be2 Qc5 10. a3 Nf6 11. b4 Qc6 12. b5 Qd7 13. bxa6 bxa6 14. Qa5 Be7 15.
Nc3 O-O 16. Nd5 Nxd5 17. Qxd5 Rb8 18. Nf4 c6 19. Qd4 Bf6 20. Qe3 Bxa1 21. O-O
Bf6 22. Nh5 Bg5 23. Qf2 Rb3 24. Qd4 f6 25. a4 Qb7 26. Qxd6 Be3+ 27. Kh1 Rd8 28.
Qxd8+ Kh7 29. h3 Rb2 30. Ng3 Bb6 31. Qd6 Bc7 32. Qd4 Bxg3 33. Bg4 Rb1 34. Rxb1
Qxb1+ 35. Qg1 Qb7 36. e5 fxe5 37. Qe3 Qb1+ 38. Qg1 Qb7 39. Bxc8 Qxc8 40. Qxa7
Qf5 41. Kg1 Qxd3 42. Qf7 Qd1+ 43. Qf1 Qxa4 44. Qd3+ Kg8 45. Qxg3 e4 46. c5 Qd4+
47. Kf1 e3 48. Qd6 Qa1+ 49. Ke2 Qa3 50. Qe6+ Kh8 51. Qe8+ Kh7 52. Qxe3 Qa2+ 53.
Kf3 a5 54. Qe4+ Kh8 55. Qxc6 a4 56. Kf4 a3 57. Qe8+ Kh7 58. Qe4+ Kg8 59. Qe8+
Kh7 60. Qe4+ g6 61. c6 1/2-1/2

[Event "Dutch Choc Protein"]
[Site "http://www.queenalice.com/game.php?id=698932"]
[Date "2009.12.16"]
[Round "-"]
[White "bevo"]
[Black "Zwaanman"]
[Result "1-0"]
[WhiteElo "1443"]
[BlackElo "1464"]

1. b4 e5 2. c3 d6 3. g3 b5 4. Bh3 Bb7 5. f3 d5 6. f4 d4 7. Nf3 e4 8. Ne5 e3 9.
Nf3 Nh6 10. dxe3 dxc3 11. Nxc3 Qxd1+ 12. Nxd1 Bxb4+ 13. Bd2 a5 14. Bxb4 axb4 15.
O-O b3 16. Ne5 bxa2 17. Nc3 Nc6 18. Bd7+ Kd8 19. Bxc6 Ra7 20. Nxb5 Ra5 21. Bxb7
Rxb5 22. Ba6 Rb6 23. Rxa2 Nf5 24. Bd3 Nxe3 25. Ra8+ Ke7 26. Rxh8 Nxf1 27. Kxf1
Rd6 28. Rxh7 Rh6 29. Rxg7 Rxh2 30. Rxf7+ Kd6 31. g4 Rh8 32. g5 Rh1+ 33. Kg2 Ra1
34. g6 Ra8 35. Nd7 c5 36. Nf8 1-0

[Event "Reality Bites Balls!"]
[Site "http://www.queenalice.com/game.php?id=710408"]
[Date "2010.1.8"]
[Round "-"]
[White "Zwaanman"]
[Black "bevo"]
[Result "1-0"]
[WhiteElo "1464"]
[BlackElo "1454"]

1. d4 c6 2. c3 d5 3. Nh3 Bxh3 4. gxh3 e6 5. h4 Qxh4 6. Nd2 c5 7. Nf3 Qe4 8. Qd3
Nf6 9. Bg2 Qg4 10. Rg1 Qf5 11. Nh4 Qxd3 12. exd3 b6 13. dxc5 bxc5 14. Bf4 c4 15.
dxc4 dxc4 16. Bxa8 Nbd7 17. Rg5 e5 18. Be3 h6 19. Rg1 Bd6 20. Rd1 Ke7 21. Nf5+
Ke6 22. Nxg7+ Ke7 23. Nf5+ Ke6 24. Nxd6 Rxa8 25. Nxc4 h5 26. Rd6+ Ke7 27. f4 Rc8
28. b3 Rxc4 29. bxc4 Kxd6 30. Bxa7 exf4 31. a4 Ne4 32. a5 f3 33. Kd1 f2 34. Rf1
Nxc3+ 35. Kc2 Ne4 36. c5+ Nexc5 37. Rxf2 f6 38. Rf5 h4 39. Rh5 Kc6 40. a6 Kb5
41. Bxc5 Nxc5 42. a7 Kb6 43. a8=Q Nd7 44. Qa5+ Kc6 45. Qc3+ Kd6 46. Qa3+ Ke6 47.
Qe3+ Kf7 48. Rh7+ 1-0

[Event "Have a go ya mug cup!"]
[Site "http://www.queenalice.com/game.php?id=715996"]
[Date "2010.1.18"]
[Round "-"]
[White "Zwaanman"]
[Black "bevo"]
[Result "1-0"]
[WhiteElo "1492"]
[BlackElo "1438"]

1. d4 e6 2. e3 c6 3. Nh3 Qa5+ 4. Bd2 Qb6 5. Be2 Qxb2 6. Nc3 Qb6 7. Rb1 Qc7 8. e4
Qd8 9. Bg5 f6 10. Bh4 Qa5 11. Qd2 Bb4 12. O-O Bxc3 13. Qd3 Bb4 14. Qb3 Bd6 15.
Bh5+ Qxh5 16. Bg3 Bxg3 17. Qxg3 b6 18. Qxg7 Bb7 19. Qxh8 Kf7 20. Nf4 Qh6 21. Rb3
Qxf4 22. Qxh7+ Kf8 23. Rg3 Qxg3 24. hxg3 Na6 25. e5 f5 26. g4 fxg4 27. f3 g3 28.
f4 Nf6 29. exf6 Nb4 30. f7 Nxc2 31. Qxc2 Kxf7 32. Qh7+ Ke8 33. f5 Kd8 34. f6 Kc7
35. f7 1-0